000 00320nam a22001337a 4500
020 _qHB.
040 _cFIZZA ISHAQ
082 _a624
_bARK
100 _aKATTI,R.A.
_991650
245 _aINFLUENCE OF GRAVITY ON GRANULAR SOIL MECHANICS /
_cA.R.KATTI.
260 _aIBH ;
_c2000.
300 _a467 P. ;
942 _2ddc
_cBK
999 _c589790
_d589790